| 000 | 00823nam a2200265 a 4500 | ||
|---|---|---|---|
| 001 | 60759 | ||
| 003 | BD-RJUL | ||
| 005 | 20211209080859.0 | ||
| 008 | 170102s1956 enk 001 0 eng c | ||
| 035 | _a(BD-RJUL)60883 | ||
| 040 |
_aWellesley College. Libr _cIWU _dBD-RJUL _beng |
||
| 041 | _aeng | ||
| 082 |
_223 _bTHV 1956 _a820.908 |
||
| 100 | 1 |
_aThomson, Patricia. _9181023 |
|
| 245 | 1 | 4 |
_aThe Victorian heroine : _ba changing ideal, 1837-1873 / _cPatricia Thomson |
| 260 |
_aLondon : _bOxford University Press _c1956 |
||
| 300 |
_a178 p. ; _c23 cm. |
||
| 500 | _aIncludes index | ||
| 650 | 0 |
_aEnglish fiction _219th century _vHistory and criticism _9181024 |
|
| 650 | 0 |
_aWomen _zGreat Britain _9181025 |
|
| 650 | 0 |
_aWomen in literature _9181026 |
|
| 942 |
_2ddc _cBK |
||
| 999 |
_c60759 _d60759 |
||